000 00767cab a2200241 4500
001 WB3444-46
008 090401t1998 xxu||||| |||| 00| 0 eng d
035 _a(Sirsi) u89823
041 _aeng
245 _aForestry faces decline
260 _c1998
350 _a0
490 _aScotsman
_v19 November 1998, 31(1)
520 _aThe Forestry Industry Council of Great Britain warns that without government investment in the processing sector, the forestry industry could go into decline, thus threatening the rural economy.
650 _aFORESTRY INDUSTRY COUNCIL OF GREAT BRITAIN
650 _aFORESTRY INDUSTRY
650 _aFORESTRY
650 _aRURAL ECONOMY
650 _aTIMBER
690 _aRURAL PRACTICE
942 _n0
948 _c19/11/1998
999 _c56862
_d56862